000 00336 a2200169 4500
001 182715
020 _a
040 _cMagnum
100 _aVicente, Gil
240 1 0 _aTrês autos
_lpor
245 1 0 _aTrês autos
300 _a237
362 0 _a1997
440 1 _aEdiouro
697 _aLITERATURA GERAL ESTRANGEIRA
942 _cBK
999 _c182715
_d182715